The Jay Bird Democratic Association of Fort Bend County : a white man's union /

Bibliographic Details
Main Author: Yelderman, Pauline
Format: Book
Language:English
Published: [Place of publication not identified] : [publisher not identified], [1979]
Subjects:

MARC

Tag First Indicator Second Indicator Subfields
LEADER 00000cam a2200000 a 4500
001 in00000289713
005 20151010080005.0
008 800331s1979 xx ach b 00110 engm
010 |a  79092166  
020 |c $17.00 
035 |a (OCoLC)06195309 
035 |9 ABF4874AM 
040 |a DLC  |c DLC  |d m.c.  |d TXA  |d UtOrBLW 
043 |a n-us-tx 
049 |a TXAM  |c [1363200] 
050 0 0 |a F392.F7  |b Y44 
100 1 |a Yelderman, Pauline. 
245 1 4 |a The Jay Bird Democratic Association of Fort Bend County :  |b a white man's union /  |c by Pauline Yelderman. 
264 1 |a [Place of publication not identified] :  |b [publisher not identified],  |c [1979] 
264 3 |a Waco, Tex. :  |b Texian Press 
264 4 |c ©1979 
300 |a vii, 344 pages :  |b illustrations, portraits, facsimiles ;  |c 24 cm. 
336 |a text  |b txt  |2 rdacontent 
337 |a unmediated  |b n  |2 rdamedia 
338 |a volume  |b nc  |2 rdacarrier 
504 |a Includes bibliographical references and index. 
610 2 0 |a Jay Bird Democratic Association of Fort Bend County. 
651 0 |a Fort Bend County (Tex.)  |x Politics and government. 
999 |a MARS 
999 f f |s 4cfe8c6f-be67-3638-87bb-6305416b7fb8  |i 82d29f84-899d-3280-ad16-3cff1b07b3c6  |t 0 
952 f f |p normal  |a Texas A&M University  |b College Station  |c Sterling C. Evans Library  |d Evans: Library Stacks  |t 0  |e F392.F7 Y44  |h Library of Congress classification  |i unmediated -- volume  |m A14806394022 
998 f f |a F392.F7 Y44  |t 0  |l Evans: Library Stacks